<?xml version="1.0" encoding="UTF-8"?>
<record
    xmlns:xsi="http://www.w3.org/2001/XMLSchema-instance"
    xsi:schemaLocation="http://www.loc.gov/MARC21/slim http://www.loc.gov/standards/marcxml/schema/MARC21slim.xsd"
    xmlns="http://www.loc.gov/MARC21/slim">

  <leader>00878nam a22002417a 4500</leader>
  <controlfield tag="001">113797</controlfield>
  <controlfield tag="003">DR-UNIBE</controlfield>
  <controlfield tag="005">20250630110258.0</controlfield>
  <controlfield tag="008">250627b2015    dr ||||| |||| 00| 0 spa d</controlfield>
  <datafield tag="040" ind1=" " ind2=" ">
    <subfield code="a">BIBLIOTECA UNIBE</subfield>
    <subfield code="b">spa</subfield>
    <subfield code="c">BIBLIOTECA UNIBE</subfield>
    <subfield code="e">rda</subfield>
  </datafield>
  <datafield tag="041" ind1=" " ind2=" ">
    <subfield code="a">spa</subfield>
  </datafield>
  <datafield tag="082" ind1=" " ind2=" ">
    <subfield code="a">F-RD 5974</subfield>
  </datafield>
  <datafield tag="100" ind1="1" ind2=" ">
    <subfield code="a">Civolani, Katy </subfield>
    <subfield code="e">autor</subfield>
    <subfield code="9">196778</subfield>
  </datafield>
  <datafield tag="245" ind1="1" ind2="0">
    <subfield code="a">Construyendo la paz en la escuela : </subfield>
    <subfield code="b">cuidado y buen trato procesamiento positivo del conflicto /</subfield>
    <subfield code="c">Katy Civolani</subfield>
  </datafield>
  <datafield tag="260" ind1=" " ind2=" ">
    <subfield code="a">Santo Domingo : </subfield>
    <subfield code="b">Ministerios de Educaci&#xF3;n (MINERD) :</subfield>
    <subfield code="c">2015</subfield>
  </datafield>
  <datafield tag="300" ind1=" " ind2=" ">
    <subfield code="a">2 vol&#xFA;menes</subfield>
  </datafield>
  <datafield tag="650" ind1=" " ind2="7">
    <subfield code="2">lemb</subfield>
    <subfield code="a">Personal docente</subfield>
  </datafield>
  <datafield tag="650" ind1=" " ind2="7">
    <subfield code="2">lemb</subfield>
    <subfield code="a">Escuelas</subfield>
  </datafield>
  <datafield tag="700" ind1="1" ind2=" ">
    <subfield code="a">Mont&#xE1;s D&#xB4;Oleo, Bertha Marcily</subfield>
    <subfield code="e">dise&#xF1;ador y diagramador</subfield>
    <subfield code="9">196779</subfield>
  </datafield>
  <datafield tag="700" ind1="1" ind2=" ">
    <subfield code="a">Ceballos, Rita Ma.</subfield>
    <subfield code="e">coordinador y revisor</subfield>
    <subfield code="9">196757</subfield>
  </datafield>
  <datafield tag="700" ind1="1" ind2=" ">
    <subfield code="a">Adames, Digna Mar&#xED;a</subfield>
    <subfield code="e">coordinador y revisor</subfield>
    <subfield code="9">196780</subfield>
  </datafield>
  <datafield tag="942" ind1=" " ind2=" ">
    <subfield code="2">ddc</subfield>
    <subfield code="c">MX</subfield>
  </datafield>
  <datafield tag="999" ind1=" " ind2=" ">
    <subfield code="c">113797</subfield>
    <subfield code="d">113797</subfield>
  </datafield>
  <datafield tag="952" ind1=" " ind2=" ">
    <subfield code="0">0</subfield>
    <subfield code="1">0</subfield>
    <subfield code="2">ddc</subfield>
    <subfield code="4">0</subfield>
    <subfield code="7">0</subfield>
    <subfield code="8">FOL-RD</subfield>
    <subfield code="a">Principal</subfield>
    <subfield code="d">2025-06-30</subfield>
    <subfield code="l">0</subfield>
    <subfield code="o">F-RD 5974</subfield>
    <subfield code="p">F250094</subfield>
    <subfield code="r">2025-06-30 11:18:54</subfield>
    <subfield code="t">Vol. 1, Ej. 1</subfield>
    <subfield code="w">2025-06-30</subfield>
    <subfield code="y">MX</subfield>
  </datafield>
  <datafield tag="952" ind1=" " ind2=" ">
    <subfield code="0">0</subfield>
    <subfield code="1">0</subfield>
    <subfield code="2">ddc</subfield>
    <subfield code="4">0</subfield>
    <subfield code="7">0</subfield>
    <subfield code="8">FOL-RD</subfield>
    <subfield code="a">Principal</subfield>
    <subfield code="d">2025-06-30</subfield>
    <subfield code="l">0</subfield>
    <subfield code="o">F-RD 5974</subfield>
    <subfield code="p">F250095</subfield>
    <subfield code="r">2025-06-30 11:19:28</subfield>
    <subfield code="t">Vol. 1, Ej. 2</subfield>
    <subfield code="w">2025-06-30</subfield>
    <subfield code="y">MX</subfield>
  </datafield>
  <datafield tag="952" ind1=" " ind2=" ">
    <subfield code="0">0</subfield>
    <subfield code="1">0</subfield>
    <subfield code="2">ddc</subfield>
    <subfield code="4">0</subfield>
    <subfield code="7">0</subfield>
    <subfield code="8">FOL-RD</subfield>
    <subfield code="a">Principal</subfield>
    <subfield code="d">2025-06-30</subfield>
    <subfield code="l">0</subfield>
    <subfield code="o">F-RD 5974</subfield>
    <subfield code="p">F250096</subfield>
    <subfield code="r">2025-06-30 11:26:51</subfield>
    <subfield code="t">Vol. 2, Ej. 1</subfield>
    <subfield code="w">2025-06-30</subfield>
    <subfield code="y">MX</subfield>
  </datafield>
  <datafield tag="952" ind1=" " ind2=" ">
    <subfield code="0">0</subfield>
    <subfield code="1">0</subfield>
    <subfield code="2">ddc</subfield>
    <subfield code="4">0</subfield>
    <subfield code="7">0</subfield>
    <subfield code="8">FOL-RD</subfield>
    <subfield code="a">Principal</subfield>
    <subfield code="d">2025-06-30</subfield>
    <subfield code="l">0</subfield>
    <subfield code="o">F-RD 5974</subfield>
    <subfield code="p">F250149</subfield>
    <subfield code="r">2025-08-05 11:12:21</subfield>
    <subfield code="t">Vol. 2, Ej. 2</subfield>
    <subfield code="w">2025-06-30</subfield>
    <subfield code="y">MX</subfield>
  </datafield>
</record>
